Library Logo

Pioneer International University Library Catalogue

Counseling : (Record no. 5494)

MARC details
000 -LEADER
fixed length control field 00664cam a2200193 a 4500
005 - DATE AND TIME OF LATEST TRANSACTION
control field 20250901165533.0
008 - FIXED-LENGTH DATA ELEMENTS--GENERAL INFORMATION
fixed length control field 831011s1984 maua b 001 0 eng
010 ## - LIBRARY OF CONGRESS CONTROL NUMBER
LC control number 83082703
020 ## - INTERNATIONAL STANDARD BOOK NUMBER
International Standard Book Number 0395351472
050 00 - LIBRARY OF CONGRESS CALL NUMBER
Classification number BF637.C6 .P5 1984
Item number P5 1984
082 00 - DEWEY DECIMAL CLASSIFICATION NUMBER
Classification number 158/.3
Edition information 19
100 1# - MAIN ENTRY--PERSONAL NAME
Personal name Pietrofesa, John J.,
Dates associated with a name 1940-
245 10 - TITLE STATEMENT
Title Counseling :
Remainder of title an introduction /
Statement of responsibility, etc. John J. Pietrofesa, Alan Hoffman, Howard H. Splete.
250 ## - EDITION STATEMENT
Edition statement 2nd ed.
260 ## - PUBLICATION, DISTRIBUTION, ETC.
Place of publication, distribution, etc. Boston :
Name of publisher, distributor, etc. Houghton Mifflin,
Date of publication, distribution, etc. c1984.
300 ## - PHYSICAL DESCRIPTION
Extent xiv, 527 p. :
Other physical details ill. ;
Dimensions 24 cm.
500 ## - GENERAL NOTE
General note Rev. ed. of: Counseling / John J. Pietrofesa et al. c1978.
942 ## - ADDED ENTRY ELEMENTS (KOHA)
Source of classification or shelving scheme Library of Congress Classification
Classification part BF637.C6 .P5 1984
Holdings
Withdrawn status Lost status Source of classification or shelving scheme Damaged status Not for loan Home library Current library Shelving location Date acquired Total checkouts Full call number Barcode Date last seen Price effective from Koha item type
    Library of Congress Classification     Main Library Main Library   06/03/2021   BF637.C6 .P5 1984 PIU0003249 06/03/2021 06/03/2021 Books